Empresa e iniciativa emprendedora (Registro nro. 12975)
[ vista simple ]
| 000 -CABECERA | |
|---|---|
| campo de control de longitud fija | 00889ntm a22003137a 4500 |
| 005 - FECHA Y HORA DE ACTUALIZACIÓN | |
| campo de control | 20210602113739.0 |
| 008 - LONGITUD FIJA | |
| campo de control de longitud fija | 210602b xxu||||| |||| 00| 0 spa d |
| 020 ## - INTERNATIONAL STANDARD BOOK NUMBER | |
| Número Internacional Estándar del Libro | 9788490772485 |
| 041 ## - IDIOMA | |
| Código de idioma del texto/pista de sonido o título separado | |
| 082 ## - CLASIFICACIÓN DECIMAL DEWEY | |
| Número de clasificación | 658 F372e |
| 100 ## - AUTOR PERSONAL | |
| Nombre de persona | Ferrandis-García Aparisi, Gloria |
| 245 ## - TÍTULO PROPIAMENTE DICHO | |
| Título | Empresa e iniciativa emprendedora |
| 260 ## - PIE DE IMPRENTA | |
| Lugar de publicación, distribución, etc. | España |
| 260 ## - PIE DE IMPRENTA | |
| Nombre del editor, distribuidor, etc. | Síntesis |
| 260 ## - PIE DE IMPRENTA | |
| Fecha de publicación, distribución, etc. | 2016 |
| 300 ## - DESCRIPCIÓN FÍSICA | |
| Extensión | 268 páginas |
| 650 ## - Materia General | |
| Materia general | ADMINISTRACIÓN DE EMPRESAS |
| 650 ## - Materia General | |
| Materia general | INNOVACIÓN |
| 650 ## - Materia General | |
| Materia general | DESARROLLO ECONÓMICO |
| 650 ## - Materia General | |
| Materia general | EMPRENDEDOR |
| 650 ## - Materia General | |
| Materia general | EMPRESARIO |
| 650 ## - Materia General | |
| Materia general | ACTIVIDAD EMPRENDEDORA |
| 650 ## - Materia General | |
| Materia general | TIPOS DE EMPRESA |
| 650 ## - Materia General | |
| Materia general | IMAGEN CORPORATIVA |
| 650 ## - Materia General | |
| Materia general | RESPONSABILIDAD SOCIAL |
| 650 ## - Materia General | |
| Materia general | CREACIÓN DE EMPRESAS |
| 650 ## - Materia General | |
| Materia general | PLAN DE NEGOCIOS |
| 942 ## - Punto de Acceso Adicional Koha | |
| Tipo de ítem Koha | Libro |
| Estado perdido | Estado dañado | No para préstamo | Biblioteca permanente | Biblioteca actual | Signatura completa | Código de barras | Precio efectivo a partir del | Tipo de ítem |
|---|---|---|---|---|---|---|---|---|
| Departamento de Biblioteca y Documentación Alfonso Chase Brenes | Departamento de Biblioteca y Documentación Alfonso Chase Brenes | 658 F372e | 25215 | 02/06/2021 | Libro |